| 000 | 00607nam a22001817a 4500 | ||
|---|---|---|---|
| 999 |
_c186249 _d186249 |
||
| 005 | 20220218153342.0 | ||
| 010 | _aENG-131673 | ||
| 020 |
_a978-81-952678-7-3 _c199.00 |
||
| 035 | _aEN-115205 | ||
| 037 | _bDBAD | ||
| 082 | _a428 | ||
| 245 |
_aA course in Reading & Writing Skills/ _cJ. Marcus [et...al] |
||
| 260 |
_aHyderabad _bSunraise International Publishers _c2020 |
||
| 270 |
_a# 326/C, Level-2, Surneni Nilayam Near B K Guda Park, S R Nagar _bHyderabad _e500038 _k4023710657, 238000657 |
||
| 300 |
_aviii, 224p. _c24cm(pbk) |
||
| 700 | _aMarcus, J. | ||
| 942 |
_2ddc _cEN _h428 _mMAR |
||